000 00689nam a2200253Ia 4500
003 OSt
005 20220918165336.0
006 a|||||r|||| 00| 0
007 ta
008 220917b |||||||| |||| 00| 0 eng d
020 _a389039926
024 _a46,561
037 _cTextual
040 _aARTS
_cARTS
_beng
041 _2eng
_aeng
082 _aO111:g, L0
100 _aLeech Clifford
_911364
245 0 _aDramatist's experience
_b with other essays in literary theory
260 _aLondon
_bChatto and Windus UK
_c1970
300 _a248p.
_ccm.
650 _aENGLISH LITERATURE
942 _hO111:g, L0
_cTEXL
_2CC
999 _c129426
_d129426